000
00302nam a22001337a 4500
008
180802b xxu||||| |||| 00| 0 eng d
082
_a
813.52
245
_a
The Art of Public Speaking
_c
Lucas,S.P
260
_c
2004
300
_a
2
_f
CD
440
_x
9780072988772
760
_b
8th
942
_2
ddc
_c
MX
999
_c
46715
_d
46715